El Universo de Stephen Hawking / (Record no. 6898)

MARC details
000 -LEADER
campo de control de longitud fija 00780nam a2200253 i 4500
001 - NÚMERO DE CONTROL
campo de control 6898
003 - IDENTIFICADOR DE NÚMERO DE CONTROL
campo de control ES-MaACL
005 - FECHA Y HORA DE LA ÚLTIMA TRANSACCIÓN
campo de control 20250717045847.0
007 - CAMPO FIJO DE DESCRIPCIÓN FÍSICA--INFORMACIÓN GENERAL
campo de control de longitud fija t|
008 - DATOS DE LONGITUD FIJA--INFORMACIÓN GENERAL
campo de control de longitud fija 900711s1986 sp ||||1| spa d
020 ## - NÚMERO INTERNACIONAL ESTÁNDAR DEL LIBRO
Número Internacional Estándar del Libro 84-345-8390-9
080 ## - NÚMERO DE LA CLASIFICACIÓN DECIMAL UNIVERSAL
Número de la Clasificación Decimal Universal 53:92 Hawking, Stephen
080 ## - NÚMERO DE LA CLASIFICACIÓN DECIMAL UNIVERSAL
Número de la Clasificación Decimal Universal 523.12
100 1# - ENTRADA PRINCIPAL--NOMBRE DE PERSONA
Nombre de persona Boslough, John.
9 (RLIN) 30695
245 13 - MENCIÓN DEL TÍTULO
Título El Universo de Stephen Hawking /
Mención de responsabilidad, etc. John Boslough.
260 ## - PUBLICACIÓN, DISTRIBUCIÓN, ETC.
Lugar de publicación, distribución, etc. Barcelona :
Nombre del editor, distribuidor, etc. Salvat,
Fecha de publicación, distribución, etc. D.L. 1986.
300 ## - DESCRIPCIÓN FÍSICA
Extensión XII, 140 p., [8] p. de lam :
Otras características físicas il. ;
Dimensiones 19 cm.
490 1# - MENCIÓN DE SERIE
Mención de serie Biblioteca científica Salvat ;
Designación de volumen o secuencia 25
600 14 - PUNTO DE ACCESO ADICIONAL DE MATERIA--NOMBRE DE PERSONA
Nombre de persona Hawking, S. W.
9 (RLIN) 62165
650 17 - PUNTO DE ACCESO ADICIONAL DE MATERIA--TÉRMINO DE MATERIA
Término de materia o nombre geográfico como elemento de entrada Cosmogonía
Fuente del encabezamiento o término embne
9 (RLIN) 11387
830 0# - PUNTO DE ACCESO ADICIONAL DE SERIE-TÍTULO UNIFORME
Título uniforme Biblioteca científica Salvat ;
Designación de volumen o secuencia 25
9 (RLIN) 177703
852 ## - LOCALIZACIÓN
Ubicación ES-MaACL
Número de control de estantería L-14114
Sublocalización o colección R.117703
Nota libre . - rust.
Holdings
Estatus retirado Estado de pérdida Estado de daño No para préstamo Biblioteca de origen Biblioteca actual Ubicación en estantería Fecha de adquisición Fuente de adquisición Total de préstamos Signatura topográfica completa Código de barras Visto por última vez Precio de reemplazo Tipo de ítem Koha
        Biblioteca del Ateneo de Madrid Biblioteca del Ateneo de Madrid Depósito 2 17/01/2008     L-14114 1007035 23/02/2023 23/02/2023 Libro impreso